Cómo establecer un negocio, por cuenta propia o con socios (Registro nro. 21081)
[ vista simple ]
| 000 -ENCABEZADO | |
|---|---|
| Número de control [NR] | 00987nam a2200229Ia 4500 |
| 005 - FECHA Y HORA DE LA ÚLTIMA TRANSACCIÓN | |
| control field | 20220921084102.0 |
| 008 - DE LONGITUD FIJA DE DATOS DE ELEMENTOS - INFORMACIÓN GENERAL | |
| Elementos de longitud fija [NR] | 130821s xx gs spa |
| 040 ## - FUENTE DE CATALOGACION [NR] | |
| Agencia de catalogación original [NR] | Co-BoUCM |
| Idioma de catalogación [NR] | spa |
| Quien Cataloga | [Nuevo] |
| 041 00 - CODIGO DE IDIOMA [R] | |
| Código de idioma para texto/pista de sonido o título separado [R] | Español |
| 092 ## - SIGNATURA TOPOGRAFICA LOCAL | |
| Número de clasificación local | CV 0325 |
| 092 ## - SIGNATURA TOPOGRAFICA LOCAL | |
| Número de clasificación local | DVD 1192 |
| 100 1# - ASIENTO PRINCIPAL--NOMBRE PERSONAL [NR] | |
| Nombre personal [NR] | Bosner, Paul |
| ID Autoridad | 67430 |
| 245 10 - MENCION DE TITULO [NR] | |
| Título [NR] | Cómo establecer un negocio, por cuenta propia o con socios |
| Mención de responsabilidad, etc. [NR] | [videograbación] |
| -- | Paul Bosner |
| 260 ## - PUBLICACION, DISTRIBUCION, ETC. (PIE DE IMPRENTA) [R] | |
| Lugar de publicación, distribución, etc. [R] | [Lugar desconocido] |
| Nombre del editor, distribuidor, etc. [R] | [Editorial desconocida] |
| Fecha de publicación, distribución, etc. [R] | [fecha desconocida] |
| 300 ## - DESCRIPCION FISICA [R] | |
| Extensión [R] | 1 video casete beta 30 min. |
| Material acompañante [NR] | 1 DVD |
| 502 ## - NOTA DE TESIS [R] | |
| Nota de tesis [NR] | Con: Cómo administrar organizaciones empresariales. -- Recursos humanos : adquisición y desarrollo |
| 520 ## - NOTA DE RESUMEN, ETC. [R] | |
| Nota de sumario, etc. [NR] | Trata de las decisiones del futuro empresarial. Clases de empresas, ventajas y desventajas. Cómo formar un negocio. Clases de compañías y cómo es cada una de ellas |
| 650 04 - ASIENTO SECUNDARIO DE MATERIA - TERMINO TEMATICO [R] | |
| Término temático o nombre geográfico como elemento de entrada [NR] | Administración de empresas |
| 9 (RLIN) | 435 |
| 650 04 - ASIENTO SECUNDARIO DE MATERIA - TERMINO TEMATICO [R] | |
| Término temático o nombre geográfico como elemento de entrada [NR] | Empresas |
| 9 (RLIN) | 14110 |
| 650 04 - ASIENTO SECUNDARIO DE MATERIA - TERMINO TEMATICO [R] | |
| Término temático o nombre geográfico como elemento de entrada [NR] | Nuevas empresas |
| 9 (RLIN) | 7880 |
| 942 ## - ELEMENTOS DE ENTRADA AGREGADOS (KOHA) | |
| Koha item type | Multimedia |
| Source of classification or shelving scheme | LOCAL |
| Tema principal | Administración |
| Edition | 1 |
| Ocultar en el OPAC (al menos deberá ocultar también un ítem) | No |
| Suprimido | Perdido | Sistema de clasificación | Dañado | No prestable | Tipo de ítem específico | Ubicación habitual | Ubicación actual | Localización | Fecha de creación | Forma de adquisición | Costo | Total préstamos | Signatura topográfica | Código de barras | Última vez visto | Fecha de último préstamo | Ejemplar | Price effective from | Tipo de ítem |
|---|---|---|---|---|---|---|---|---|---|---|---|---|---|---|---|---|---|---|---|
| LOCAL | DVD | Claustro | Claustro | Colección digital | 05/02/2015 | Donación | DVD 1192 | 100144986 | 10/12/2024 | Ej.2 | 05/02/2015 | Multimedia | |||||||
| LOCAL | Préstamo restringido | DVD | Procesos Técnicos (no para préstamo) | Procesos Técnicos (no para préstamo) | Procesos Técnicos | 19/02/2013 | Donación | 0.00 | DVD 1192 | 100126165 | 09/12/2025 | 18/07/2012 | Ej.1 | 03/02/2013 | Multimedia |